000 00476nam a2200181 a 4500
001 1768898037782
003 YourLibrary
005 20260120141624.0
008 260120s2006##################000#0#eng##
020 _a9780807747391
082 0 4 _a302.2307
_bHOB
100 1 _aHobbs, Renee,
_eauthor.
245 1 0 _aReading the Media :
260 _bTeachers College Press,
_c2006.
650 0 _aCritical thinking.
942 _cENGLISH
040 _aYourLibrary
_beng
_cYourLibrary
999 _c608700
_d608700